|
|
|
|
| LEADER |
00000nas a2200000 a 4500 |
| 001 |
ssj0007527 |
| 003 |
WaSeSS |
| 005 |
20200512172242.0 |
| 006 |
m d |
| 007 |
cr n |
| 008 |
031009c19719999vaumr pss f0 a0eng c |
| 010 |
|
|
|a 2003230930
|
| 016 |
7 |
|
|a 010466316
|2 Uk
|
| 022 |
|
|
|a 1554-9011
|l 0364-1287
|y 0364-1287
|
| 035 |
|
|
|a (WaSeSS)ssj0007527
|
| 037 |
|
|
|a 84-238
|b LLMC
|
| 037 |
|
|
|a frd00248
|b Federal Research Division, Library of Congress
|
| 040 |
|
|
|a GPO
|b eng
|c GPO
|d OCLCQ
|d GPO
|d OCLCQ
|d NSD
|d LLMC2
|d MUQ
|d BUF
|d OCLCQ
|d NLA
|d GPO
|d OCLCQ
|d MLTLR
|d OCLCQ
|d OCLCA
|d OCLCQ
|d OCLCA
|d SERSO
|d OCLCF
|d GPO
|d OCLCE
|d MUX
|d CSU
|d UKMGB
|d OCLCQ
|d VT2
|d OCLCA
|d GILDS
|d U3W
|d CUS
|d YOR
|d WaSeSS
|
| 042 |
|
|
|a pcc
|a nsdp
|a dlr
|
| 043 |
|
|
|a n-us---
|
| 050 |
|
4 |
|a KF7209.A1
|b A74
|
| 074 |
|
|
|a 0322-A-16 (online)
|
| 082 |
1 |
0 |
|a 343/.73/01
|2 13
|
| 086 |
0 |
|
|a D 101.22/32:
|
| 130 |
0 |
|
|a Army lawyer (Online)
|
| 222 |
|
4 |
|a The Army lawyer
|b (Online)
|
| 245 |
1 |
4 |
|a The Army lawyer
|h [electronic resource].
|
| 246 |
1 |
|
|i Cited as:
|a Army Law
|
| 260 |
|
|
|a Charlottesville, VA :
|b Judge Advocate General's School,
|c [1971]-
|
| 310 |
|
|
|a Monthly
|
| 362 |
0 |
|
|a Vol. 1, no. 1 (Aug. 1971)-
|
| 490 |
1 |
|
|a Mar. 1973- : DA pamphlet ;
|v 27-50
|
| 500 |
|
|
|a Title from title screen (viewed Sept. 17, 2003).
|
| 506 |
|
|
|a License restrictions may limit access.
|
| 515 |
|
|
|a Vols. for Mar. 1973 lack numerical designation; some issues combined.
|
| 538 |
|
|
|a Master and use copy. Digital master created according to Benchmark for Faithful Digital Reproductions of Monographs and Serials, Version 1. Digital Library Federation, December 2002.
|u http://purl.oclc.org/DLF/benchrepro0212
|5 MiAaHDL
|
| 538 |
|
|
|a Mode of access: Internet at the Army JAG School web site. Address as of 7/24/13: http://www.loc.gov/rr/frd/Military_Law/Army_Lawyer.html.
|
| 550 |
|
|
|a Vols. for Mar. 1973- issued by: Headquarters, Dept. of the Army.
|
| 550 |
|
|
|a Vols. for July/Aug. 2003- published by: Judge Advocate General's Legal Center and School.
|
| 583 |
1 |
|
|a digitized
|c 2011
|h HathiTrust Digital Library
|l committed to preserve
|2 pda
|5 MiAaHDL
|
| 588 |
|
|
|a Latest issue consulted: Jan. 2015 (Military Legal Resources, viewed on Aug. 4, 2015).
|
| 610 |
1 |
0 |
|a United States.
|b Army
|v Periodicals.
|
| 610 |
1 |
6 |
|a États-Unis.
|b Army
|v Périodiques.
|
| 610 |
1 |
7 |
|a United States.
|b Army.
|2 fast
|0 (OCoLC)fst00533532
|
| 650 |
|
0 |
|a Courts-martial and courts of inquiry
|z United States
|v Periodicals.
|
| 650 |
|
6 |
|a Cours martiales et tribunaux d'enquête
|z États-Unis
|v Périodiques.
|
| 650 |
|
7 |
|a Courts-martial and courts of inquiry.
|2 fast
|0 (OCoLC)fst00881868
|
| 651 |
|
7 |
|a United States.
|2 fast
|0 (OCoLC)fst01204155
|
| 653 |
0 |
|
|a Law
|a Military and naval science
|
| 655 |
|
0 |
|a Electronic journals.
|
| 710 |
2 |
|
|a Judge Advocate General's School (United States. Army)
|
| 710 |
1 |
|
|a United States.
|b Department of the Army.
|
| 710 |
2 |
|
|a Judge Advocate General's Legal Center and School (United States. Army)
|
| 776 |
0 |
8 |
|i Print version:
|t Army lawyer
|x 0364-1287
|w (DLC) 75615419
|w (OCoLC)1086688
|
| 830 |
|
0 |
|a DA pam ;
|v 27-50.
|
| 856 |
4 |
0 |
|z Full text available from Research Library: 01/01/1998 to present
|u https://search.proquest.com/publication/47466
|